000 00845cam9a220020500 4500
001 qcf00131838
005 20190830121032.0
008 720512s1894 be fre u
010 _a 03004556
035 _a(Sirsi) r29299
035 _a(QCAT)lss00215270
035 _a(UPRA)qcf00131838
050 _aDT642
_b.C46X 1894
100 1 _aChapaux, Albert, 1867-1900.
_dChapaux, Albert, 1867-1900.
_6A93660.1
245 1 3 _aLe Congo,
_bhistorique, diplomatique, physique, politique, economique, humanitaire & colonial, ouvrage contenant une grande carte en quatre feuilles, tiree en couleurs.
_c6 cartes, croquis et plans, intercales dans le texte. 163 portraits, types d'indigenes, vues, etc.
260 _aBruxelles :
_bC. Rozez,
_c1894.
651 0 _aZaire.
_6S4150.1
949 _aDT642
_wlcc
_i-31991
_mMAIN
_tBOOK
_lON-SHELF
004 29299
999 _c196734
_d196734